Možnosti inovatívneho využitia historických pamiatok v cestovnom ruchu v Banskej Štiavnici diplomová práca

Enregistré dans:
Détails bibliographiques
Auteur principal: Páchniková, Petra
Collectivité auteur: Obchodná fakulta EU. Katedra služieb a cestovného ruchu - zrušené
Autres auteurs: Pachingerová, Mária
Format: Livre
Langue:slovaque
Publié: Bratislava 2011
Tags: Ajouter un tag
Pas de tags, Soyez le premier à ajouter un tag!

MARC

LEADER 00000nbm a2200000 4500
001 0140364
005 20161109101929.6
041 0 |a slo 
044 |a SK 
245 1 0 |a Možnosti inovatívneho využitia historických pamiatok v cestovnom ruchu v Banskej Štiavnici  |b diplomová práca  |c Petra Páchniková ; školiteľ: Mária Pachingerová 
264 1 |a Bratislava  |c 2011 
300 |a 71 s. 
100 1 |a Páchniková, Petra 
700 1 |a Pachingerová, Mária 
710 2 |a Obchodná fakulta EU. Katedra služieb a cestovného ruchu - zrušené